000 00579nam a2200193Ia 4500
003 GCL
008 140319s9999 xx 000 0 ara d
040 _aGCL /
_cGCL
082 0 4 _a461.7
_bو ف
100 1 _aوينز، دفيد
245 1 0 _aفى مطبخ الخليفة: العصر الذهبى للمائدة العاربية /
_cوينز، دفيد
260 _a[S.N] :
_bرياض الريس للكتب والنشر
300 _a119 ص
490 _a
650 0 4 _aالاقتصاد المنزلى
650 0 4 _aبغداد
650 0 4 _aالطهى
942 _2ddc
_cBK
999 _c54567
_d54567